| 000 | 00815nam a2200253Ia 4500 | ||
|---|---|---|---|
| 005 | 20250117103606.0 | ||
| 008 | 008 250103s9999 xx 000 0 eng d | ||
| 020 | _a9789814877930 | ||
| 037 | _aTextual | ||
| 040 |
_aCSL _beng _cCSL |
||
| 041 |
_aeng _2eng |
||
| 084 |
_aC5 R4 _qCSL |
||
| 100 |
_aGavrilenko, Vladimir I _9731846 |
||
| 245 | 0 |
_aFundamentals of the optics of materials: Tutorial and problem solving _cGavrilenko, Vladimir I; Ovechko, Volodymyr S |
|
| 260 |
_aSingapore _bJenny Stanford _c2024 |
||
| 300 | _axvi, 373p. ill. | ||
| 650 |
_a Applied optics _9722555 |
||
| 650 |
_a Nonlinear ligth interaction _9734082 |
||
| 650 |
_a Plasma optics _9734083 |
||
| 650 | _aPhysics | ||
| 700 |
_aOvechko, Volodymyr S _9731848 |
||
| 942 |
_cTEXL _hC5 R4 |
||
| 999 |
_c1237823 _d1237823 |
||